| 000 | 03274cam a22005417i 4500 | ||
|---|---|---|---|
| 999 |
_c112862 _d112862 |
||
| 003 | BJBSDDR | ||
| 005 | 20230411090127.0 | ||
| 007 | ta | ||
| 008 | 190704s2018 onc b 001 0 eng d | ||
| 020 | _a1487522924 (paperback) | ||
| 020 | _a9781487522926 (paperback) | ||
| 020 | _a1487503849 (cloth) | ||
| 020 | _a9781487503840 (cloth) | ||
| 035 | _a(OCoLC)on1005104044 | ||
| 040 |
_aYDX _bspa _cYDX |
||
| 041 | _aeng | ||
| 042 | _alccopycat | ||
| 043 | _an-cn--- | ||
| 050 | 0 | 0 |
_aHB 171.5 _bI58p 2018 |
| 082 | 0 | 0 |
_a330 _223 |
| 100 | 1 |
_aInnis, Harold A. _q(Harold Adams), _d1894-1952 _eauthor. |
|
| 245 | 1 | 0 |
_aPolitical economy in the modern state / _cHarold A. Innis ; edited and introduced by Robert E. Babe and Edward A. Comor. |
| 264 | 1 |
_aToronto ; _aBuffalo ; _aLondon : _bUniversity of Toronto Press, _c[2018] |
|
| 300 |
_axcv, xix, 314 pages ; _c24 cm |
||
| 336 |
_atext _btxt _2rdacontent |
||
| 337 |
_aunmediated _bn _2rdamedia |
||
| 338 |
_avolume _bnc _2rdacarrier |
||
| 500 | _a"First published in Toronto by Ryerson Press in 1946"--Title page verso. | ||
| 504 | _aIncludes bibliographical references and index. | ||
| 505 | _aAcknowledgments- introduction to political economy in the modern state, Robert E. Babe and Edward A. Comor- Chapter introductions to political economy in the modern state. Robert E. Babe and Edward A. Comor- Political Economy in the Modern State, Harold A. Innis- Index, compiled by Robert E.Babe and Edward A Comor. | ||
| 520 | 8 | _a"Political Economy in the Modern State is Harold Innis's transitional and, in some respects, his most transformative book. Completed in 1946, it is a collection of fifteen chapters plus a remarkable Preface selected and crafted to address four main themes: the problem of power and peace in the post-War era; the ascent of specialized and mechanized forms of knowledge involving, most particularly, the media, the state, and the academy; the crisis facing civilization and, more generally, the modern penchant for unreflexive short-term thinking in the face of mounting contradictions; and Innis's growing focus on what would be called media bias. In this new edition, editors Robert E. Babe and Edward A. Comor provide not only a general introduction to Innis's largely forgotten book but also dedicated introductions to each of its fifteen chapters and a comprehensive index. Together, Babe and Comor demonstrate how Innis's volume reflects a shift in Innis's focus, away from analytical relativism towards, instead, a reflexive search for objective truths."--Half-title page. | |
| 650 | 0 | _aEconomics. | |
| 650 | 6 | _aÉconomie politique. | |
| 650 | 7 |
_aEconomic history. _2fast _0(OCoLC)fst00901974 |
|
| 650 | 7 |
_aEconomics. _2fast _0(OCoLC)fst00902116 |
|
| 650 | 4 |
_aCiencias económicas _9274 |
|
| 650 | 4 |
_aEconomía política _9963 |
|
| 650 | 4 |
_aHistoria económica _928 |
|
| 651 | 0 |
_aCanada _xEconomic conditions. |
|
| 651 | 6 |
_aCanada _xConditions économiques. |
|
| 651 | 7 |
_aCanada. _2fast _0(OCoLC)fst01204310 |
|
| 700 | 1 |
_aBabe, Robert E. _eeditor. _96221 |
|
| 700 | 1 |
_aComor, Edward A. _d1962 _eeditor. _96222 |
|
| 906 |
_a7 _bcbc _ccopycat _d2 _encip _f20 _gy-gencatlg |
||
| 942 |
_2lcc _cBK |
||
| 946 | _iLMF | ||